The Radon transform
Uloženo v:
| Hlavní autor: | |
|---|---|
| Médium: | Kniha |
| Jazyk: | angličtina |
| Vydáno: |
Boston
Brikhäuser
1980
|
| Edice: | Progress in Mathematics, 5
|
| Témata: | |
| Tagy: |
Přidat tag
Žádné tagy, Buďte první, kdo vytvoří štítek k tomuto záznamu!
|
MARC
| LEADER | 00000nam a2200000 a 4500 | ||
|---|---|---|---|
| 001 | UCP0828 | ||
| 003 | CL-VaPUC | ||
| 005 | 20240326131949.0 | ||
| 008 | 990319e19800000US |||||||||||||||||eng|d | ||
| 999 | |c 279571 |d 279569 | ||
| 040 | |c Pontificia Universidad Católica de Valparaíso | ||
| 082 | 0 | 4 | |a 516.36 |b HEL |2 21 |
| 100 | |a Helgason, Sigurdur |e author |9 619421 | ||
| 245 | 1 | 4 | |a The Radon transform |
| 260 | |a Boston |b Brikhäuser |c 1980 | ||
| 300 | |a 192 p | ||
| 490 | 0 | |a Progress in Mathematics, 5 | |
| 583 | |a last modification |c 19990319 00:00:00 |k Rodrigo Vera | ||
| 650 | |a Transformaciones de Radon |9 888005 | ||
| 942 | |c BK |2 ddc | ||
| 945 | |d 19990319 00:00:00 |a crobeson | ||
| 952 | |0 0 |1 0 |4 0 |6 516_360000000000000_HEL_1980 |7 0 |8 A |9 319141 |a BIBMAT |b BIBMAT |d 2019-11-20 |i 1330888 |o 516.36 HEL 1980 |p 1330888 |r 2025-01-07 |w 2019-11-20 |y BK |k MAT | ||